000 00477nam a2200181 a 4500
001 5946
003 CDMR
005 20130610122807.0
008 130220s1997||||||||||||||||||||||||||||d
020 _a8420429708
040 _aCDMR
_bcat
_cCDMR
100 1 _aSagarra, Joan de
_92961
245 1 3 _aLa horma de mi sombrero
_cJoan de Sagarra
260 _aBarcelona
_bAlfaguara
_c1997
300 _a238 p ;
_c20 cm
650 _aPeriodistes catalans
_vBiografia
_93139
942 _cMON
_2udc
999 _c5946
_d5946